000 00390cam a2200157ua 4500
041 _aeng
_h
082 _a828.09
_bCEC/EA
100 _aCecil, David .
245 _aEarly victorian novelists /
_cDavid Cecil.
_hTextual Documents
250 _a1 /
_b.
260 _aLondon :
_bConstable and Company Ltd ,
_c1966.
300 _a332 ; .
504 _a
942 _cBK
999 _c7597
_d7597